| 000 | 02066cam a22005057a 4500 | ||
|---|---|---|---|
| 003 | CHAP | ||
| 005 | 20220817044045.0 | ||
| 008 | 051027d2005 mx a r 00110 spa d | ||
| 010 | _a91231 | ||
| 011 | _a92203 | ||
| 020 | _a970-13-3660-7 | ||
| 020 | _a970-13-3896-0 | ||
| 020 | _a9701336593 | ||
| 035 | _a102767 | ||
| 040 | _cCHAP | ||
| 082 | 0 | 4 |
_a305.4 _bI58 |
| 110 | 1 |
_aInstituto Nacional de Estadística, Geografía e Informática. México _959304 |
|
| 245 | 1 | 4 |
_aLas mujeres en ... _c/por Instituto Nacional de Estadística, Geografía e Informática |
| 260 |
_aAguascalientes, Ags. : _bInstituto Nacional de Estadística, Geografía e Informática, _c2005. |
||
| 300 |
_av. : _bilus. ; _cgráfs. ; tablas |
||
| 500 | _aLa biblioteca tiene : Distrito Federal, Nayarit, Yucatán | ||
| 590 |
_aBATCH-UPD _b10 _c20130110 _lUCH01 _h0012 |
||
| 590 |
_aBATCH-UPD _b10 _c20130110 _lUCH01 _h0523 |
||
| 590 |
_aBATCH-UPD _b10 _c20130410 _lUCH01 _h0202 |
||
| 590 |
_aBATCH-UPD _b10 _c20130410 _lUCH01 _h1629 |
||
| 590 |
_aBATCH-UPD _b10 _c20130914 _lUCH01 _h1824 |
||
| 590 |
_aCONVERSION _b10 _c20130109 _lUCH01 _h1351 |
||
| 650 | 1 | 4 |
_aMéxico (D.F.) _xCondiciones sociales. |
| 650 | 1 | 4 |
_aMéxico _xCondiciones sociales. _976730 |
| 650 | 1 | 4 |
_aMujer en comunidades rurales _zMéxico. _979391 |
| 650 | 1 | 4 |
_aMujer en comunidades rurales _zMéxico(D.F.). |
| 650 | 1 | 4 |
_aMujer en comunidades rurales _zNayarit. _979393 |
| 650 | 1 | 4 |
_aMujer _zMéxico (D.F. _979357 |
| 650 | 1 | 4 |
_aMujer _zMéxico. _979354 |
| 650 | 1 | 4 |
_aMujer _zNayarit. _979355 |
| 650 | 1 | 4 |
_aMujer _zYucatán. _979358 |
| 650 | 1 | 4 |
_aYucatán _xCondiciones sociales. _9123317 |
| 650 | 1 | 4 |
_zNayarit _xCondiciones sociales. _9124377 |
| 901 | _aBK | ||
| 905 | _aAlejandra Carrasco M. | ||
| 942 | _cLIBRO | ||
| 949 |
_a305.4 I58 2005 _bBC _cINEGI _d33724000951802 _eINEGI _fYuc. _gI. Donacion _h105378 _i102767 _st |
||
| 949 |
_a305.4 I58 2005 _bBC _cINEGI _d33724000971008 _eINEGI _fM�x.(D.F.) _gI. Donacion _h107052 _i102767 _sb |
||
| 949 |
_a305.4 I58 2005 _bBC _cINEGI _d33724000971065 _eINEGI _fNay. _gI. Donacion _h107051 _i102767 _sb |
||
| 999 |
_c91231 _d91231 |
||